Las 12 palancas del éxito : hacia la grandeza primordial /

Guardado en:
Autor Principal: Covey, Stephen R.
Formato: Libro
Idioma:Spanish
English
Publicado: Buenos Aires : Paidós, c2016.
Edición:1a. ed.
Series:Biblioteca Covey
Materias:
Etiquetas: Agregar Etiqueta
Sin Etiquetas, Sea el primero en etiquetar este registro!
LEADER 00965nam a22002655a 4500
001 EAD.ead004191
008 171106s2016####ag#a#####b####000#0#spa#d
005 20171130132554.0
245 1 4 |a Las 12 palancas del éxito :  |b hacia la grandeza primordial /  |c Stephen R. Covey. 
246 3 |a Doce palancas del éxito 
250 |a 1a. ed. 
260 |a Buenos Aires :  |b Paidós,  |c c2016. 
300 |a 236 p. :  |b il. ;  |c 22 cm. 
490 1 |a Biblioteca Covey 
500 |a Traducción: Primary greatness. 
500 |a "Autor del best seller internacional 'Los 7 hábitos de la gente altamente efectiva' - Prólogo de Sean Covey"--Tapa. 
504 |a Incluye referencias bibliográficas (p. 217-224). 
020 |a 9789501294477 
100 1 |a Covey, Stephen R. 
082 0 4 |a 158.1  |2 21 
653 |a Lectura recreativa 
650 7 |a Motivación.  |2 unbist 
650 7 |a Liderazgo.  |2 unbist 
041 1 |a spa  |h eng 
859 |a AR-BaBDC  |b BIB. ADMINISTRACION - Libros  |h 158.1  |i C838-1  |p b06820